000 00856nas a2200289 4500
001 BR9804842
003 BR-BrBNA
005 20231205101121.0
007 ta
008 230509b bl.|||p| |||| 00| 00por d
040 _aBR-BrBNA
_bpor
_cBiblioteca Nacional de Agricultura
041 _a(Pt)
072 _aF02
100 1 _aVidor, M.A.
100 1 _aRuiz, C.P.
100 1 _aMuniz, B.F.
100 1 _aCenteno, M.L.
245 1 _aAbsorcao, distribuicao e metabolismo de 6-benziladenina em explantes de Hyacinthus amethystina cv. Albus
650 _aExplante
650 _aBaroneza
650 _aMicropropagacao
650 _aAbsorcao
650 _aBulbo
773 0 _tPesquisa Agropecuaria Brasileira (Brazil)
_xISSN 0100-204X
_g(Jul 1998), v. 33(7) p. 37-47
_wBR9804842
909 _a202311
_bLúcia
_c55
_dLúcia Elande
942 _2AGRIS
_n0
_cANA
999 _c159833
_d159833